LEADER 00983nam a2200265 a 4500 001 000000124789 003 CaOOAMICUS 005 20110323135345.0 008 110323s1997 it d u000 u ita r 040 $aPUL$bita 082 04$a808 100 1 $aEllero, Maria Pia.$0(OLS)http://pul/name/78828 245 10$aIntroduzione alla retorica /$cMaria Pia Ellero. 260 $aMilano :$bR.C.S. Libri,$c©1997. 300 $a452 p. :$bgrafici ;$c22 cm 500 $aInclude indice. 504 $aBibliografia p. 419-[435]. 650 4$aRetorica.$0(OLS)http://pul/subject/5398 850 $aPUL 852 $aPUL$W1$xSL Cons. Gen., Altre Classi 3$y75$m808 ELLMA 1$j143698$qDDC 21$B142710$CPULBib$Z2$F142710 $H115990 $82 941 1 $a9 996 $6082$a808$9(OLS)http://pul/classification/1650 996 $6245$aIntroduzione alla retorica$9(OLS)http://pul/title/157325 996 $6260$aMilano :$bR.C.S. Libri$9(OLS)http://pul/publisher/74600 LEADER 01221nam a2200301 a 4500 001 000000171910 003 CaOOAMICUS 005 20240621161925.0 008 190520s2019 it 001 u ita r 020 $z978-88-372-3263-4* 032 $aLibriCat 040 $aPUL$bita 100 1 $aMagris, Aldo.$0(OLS)http://pul/name/12375 245 13$aLe invenzioni di Dio / $cAldo Magris. 260 $aBrescia :$bMorcelliana,$c2019. 300 $a283 p. ;$c21 cm. 490 1 $aFilosofia della religione ;$v1 504 $aBibliografia in nota a pič pagina. 650 4$aFilosofia della religione.$0(OLS)http://pul/subject/120 650 4$aDio$xConcezione filosofica.$0(OLS)http://pul/subject/44432 830 0$aFilosofia della religione (Morcelliana) ;$v1.$0(OLS)http://pul/title/212776 850 $aPUL 852 $aPUL$W1$xSL Religione 3$y85$m210 MAGAL 1$j195763$bDDC 21$q $B200606$CPULBib$Z2$F200606 $H132636 $81 941 1 $a9 996 $6020$z978-88-372-3263-4*$9(OLS)http://pul/number/166074 996 $6245$aLe invenzioni di Dio / $9(OLS)http://pul/title/212775 996 $6260$aBrescia :$bMorcelliana$9(OLS)http://pul/publisher/47854